Rorty Reframed: Prolegomena to a Post-truth Modernism

Richard Rorty is easily cast as the intellectual godfather of our post-truth condition. But unlike Nicholas Gaskill, whose article in Common Knowledge 28, no. 3, has engendered a continuing symposium in the journal, Professor Fuller sees Rorty's role as being to his credit rather than detriment...

Full description

Saved in:  
Bibliographic Details
Main Author: Fuller, Steve 1959- (Author)
Format: Electronic Article
Language:English
Check availability: HBZ Gateway
Interlibrary Loan:Interlibrary Loan for the Fachinformationsdienste (Specialized Information Services in Germany)
Published: 2023
In: Common knowledge
Year: 2023, Volume: 29, Issue: 1, Pages: 86-101
Standardized Subjects / Keyword chains:B Girard, René 1923-2015 / Rorty, Richard 1931-2007 / Gaskill, Nicholas 1981- / Morals / Politics / Truth / Reason
RelBib Classification:VA Philosophy
Online Access: Volltext (lizenzpflichtig)
Volltext (lizenzpflichtig)

MARC

LEADER 00000caa a22000002c 4500
001 1903696496
003 DE-627
005 20260220185013.0
007 cr uuu---uuuuu
008 240928s2023 xx |||||o 00| ||eng c
024 7 |a 10.1215/0961754X-10332775  |2 doi 
035 |a (DE-627)1903696496 
035 |a (DE-599)KXP1903696496 
040 |a DE-627  |b ger  |c DE-627  |e rda 
041 |a eng 
084 |a 1  |2 ssgn 
100 1 |e VerfasserIn  |0 (DE-588)172083702  |0 (DE-627)673121607  |0 (DE-576)165479604  |4 aut  |a Fuller, Steve  |d 1959- 
109 |a Fuller, Steve 1959-  |a Fuller, Steve W. 1959-  |a Fuller, Steve William 1959- 
245 1 0 |a Rorty Reframed: Prolegomena to a Post-truth Modernism 
264 1 |c 2023 
336 |a Text  |b txt  |2 rdacontent 
337 |a Computermedien  |b c  |2 rdamedia 
338 |a Online-Ressource  |b cr  |2 rdacarrier 
520 |a Richard Rorty is easily cast as the intellectual godfather of our post-truth condition. But unlike Nicholas Gaskill, whose article in Common Knowledge 28, no. 3, has engendered a continuing symposium in the journal, Professor Fuller sees Rorty's role as being to his credit rather than detriment. Rorty extended W. B. Gallie's idea of "essentially contested concepts" from the moral and political spheres to the epistemic, thereby rendering such terms as truth, reason, and evidence inherently vague, which means that they are defined not a priori but only in the context of exemplary concrete cases. Doing so invariably results in a "redescription" of what is observed that explains the "meta" level of understanding that philosophy brings to whatever it discusses. In this sense, all that the post-truth condition does is turn everyone into a philosopher. 
652 |a VA 
689 0 0 |d p  |0 (DE-588)118539507  |0 (DE-627)079338933  |0 (DE-576)161119867  |2 gnd  |a Girard, René  |d 1923-2015 
689 0 1 |d p  |0 (DE-588)118970623  |0 (DE-627)079750664  |0 (DE-576)16278029X  |2 gnd  |a Rorty, Richard  |d 1931-2007 
689 0 2 |d p  |0 (DE-588)106020925X  |0 (DE-627)799296724  |0 (DE-576)416292895  |2 gnd  |a Gaskill, Nicholas  |d 1981- 
689 0 3 |d s  |0 (DE-588)4040222-8  |0 (DE-627)104571780  |0 (DE-576)209038780  |2 gnd  |a Moral 
689 0 4 |d s  |0 (DE-588)4046514-7  |0 (DE-627)104152206  |0 (DE-576)209069945  |2 gnd  |a Politik 
689 0 5 |d s  |0 (DE-588)4064314-1  |0 (DE-627)106124323  |0 (DE-576)209152680  |2 gnd  |a Wahrheit 
689 0 6 |d s  |0 (DE-588)4063106-0  |0 (DE-627)106129074  |0 (DE-576)209147369  |2 gnd  |a Vernunft 
689 0 |5 (DE-627) 
773 0 8 |i Enthalten in  |t Common knowledge  |d Durham, NC : Duke Univ. Press, 2002  |g 29(2023), 1, Seite 86-101  |h Online-Ressource  |w (DE-627)343516012  |w (DE-600)2073326-4  |w (DE-576)266819435  |x 1538-4578  |7 nnas 
773 1 8 |g volume:29  |g year:2023  |g number:1  |g pages:86-101 
856 4 0 |u https://muse.jhu.edu/pub/4/article/901832  |x Verlag  |z lizenzpflichtig  |3 Volltext  |7 1 
856 4 0 |u https://doi.org/10.1215/0961754X-10332775  |x Resolving-System  |z lizenzpflichtig  |3 Volltext  |7 1 
935 |a GIRA 
951 |a AR 
ELC |a 1 
ITA |a 1  |t 1 
LOK |0 000 xxxxxcx a22 zn 4500 
LOK |0 001 4583959303 
LOK |0 003 DE-627 
LOK |0 004 1903696496 
LOK |0 005 20260220184949 
LOK |0 008 240928||||||||||||||||ger||||||| 
LOK |0 040   |a DE-Tue135-1  |c DE-627  |d DE-Tue135-1 
LOK |0 852   |a DE-Tue135-1 
LOK |0 852 1  |m p  |9 00 
LOK |0 852 2  |b www  |9 00 
LOK |0 866   |x Bibliography 51 
LOK |0 935   |a inzs 
LOK |0 936ln  |0 1442053844  |a VA 
LOK |0 938   |k p 
LOK |0 939   |a 28-09-24  |b l01 
ORI |a TA-MARC-ixtheoa001.raw 
REL |a 1 
STA 0 0 |a Morals,Morals,Politics,Politics and government,Politics, Practical,Politics in art,Reason,Reason,Truth,Truth,Aletheia 
STB 0 0 |a Morale,Morale,Politique,Politique,Pratiques politiques,Raison,Raison,Vérité,Vérité 
STC 0 0 |a Moral,Moral,Política,Política,Razón,Razón,Verdad,Verdad 
STD 0 0 |a Morale,Morale,Politica,Politica,Ragione,Ragione,Verità,Verità 
STE 0 0 |a 政治,政治,理性,理智,真理,真理,道德,道德 
STF 0 0 |a 政治,政治,理性,理智,真理,真理,道德,道德 
STG 0 0 |a Moral,Moral,Política,Política,Razão,Razão,Verdade,Verdade 
STH 0 0 |a Здравый смысл,Здравый смысл,Рассудок,Рассудок (мотив),Мораль (мотив),Мораль,Политика (мотив),Политика,Правда (мотив),Правда 
STI 0 0 |a Ήθος (μοτίβο),Ήθος,Αλήθεια (μοτίβο),Αλήθεια,Λογική (μοτίβο),Λογική,Πολιτική (μοτίβο),Πολιτική 
SUB |a REL 
SYG 0 0 |a Girard, René Noël Théophile,1923-2015,Žurar, Rene,1923-2015 , MacKay Rorty, Richard,1931-2007,McKay Rorty, Richard,1931-2007,Rorty, Richard McKay,1931-2007,Rorty, R. M.,1931-2007,Rorty, R.,1931-2007,Rorti, Ričard,1931-2007,Rorty, Richard M.,1931-2007 , Staatspolitik,Politische Lage,Politische Entwicklung,Politics,Public policy,Staatspolitik,Politische Lage,Politische Entwicklung,Politische Situation , Die Wahrheit